Sports Quiz

Random Sports or Football Quiz

Dagenham & Redbridge 2001/02 squad Quiz Stats

 Plays Quiz not verified by Sporcle

Challenge
Share
Tweet
Embed
Score 0/26 Timer 10:00
0 Plays Today
Position Player % Correct
GoalkeeperTony Roberts
93.8%
DefenderTim Cole
87.5%
DefenderLee Goodwin
87.5%
ForwardMark Stein
87.5%
GoalkeeperPaul Gothard
81.3%
Defender/midfielderSteve Heffer
81.3%
Defender/forwardSteve West
81.3%
MidfielderJason Broom
81.3%
DefenderAshley Vickers
75%
MidfielderMark Janney
75%
Midfielder/forwardDanny Shipp
75%
ForwardJunior McDougald
68.8%
MidfielderPaul Terry
62.5%
Position Player % Correct
MidfielderMatt Jones
56.3%
ForwardKen Charlery
43.8%
DefenderMark Rooney
37.5%
DefenderMark Smith
37.5%
DefenderMark Rooney
37.5%
MidfielderDanny Hill
37.5%
MidfielderDanny Hayzelden
25%
MidfielderMark Brennan
25%
MidfielderSteve Forbes
25%
MidfielderSteve Vaughan
18.8%
ForwardTony Lock
18.8%
Defender (loanee)Dean Hooper
6.3%
Defender (loanee)Jim Rodwell
6.3%

You're not logged in!

Compare scores with friends on all Sporcle quizzes.
Join for Free
OR
Log In

You Might Also Like...

Show Comments

Extras

Top Quizzes Today


Score Distribution

Your Account Isn't Verified!

In order to create a playlist on Sporcle, you need to verify the email address you used during registration. Go to your Sporcle Settings to finish the process.

Report this User

Report this user for behavior that violates our Community Guidelines.

Details: